What´s wrong with economics? (Registro nro. 51704)
[ vista simple ]
| 000 -CABECERA | |
|---|---|
| Longitud fija campo de control | 02083nam a2200337 c 4500 |
| 001 - NÚMERO DE CONTROL | |
| Número de control | 51704 |
| 003 - IDENTIFICADOR DE NÚMERO DE CONTROL | |
| Identificador del número de control | ES-MaCES |
| 005 - FECHA Y HORA DE LA ÚLTIMA TRANSACCIÓN | |
| Fecha y hora de la última transacción | 20210204133139.0 |
| 008 - CAMPO FIJO DE DESCRIPCIÓN FIJA--INFORMACIÓN GENERAL | |
| Códigos de información de longitud fija | 210204s2020 us 000 | eng d |
| 020 ## - ISBN (INTERNATIONAL STANDARD BOOK NUMBER) | |
| Número Internacional Normalizado para Libros (ISBN) | 9780300249873 |
| 040 ## - FUENTE DE CATALOGACIÓN | |
| Centro catalogador de origen | ES-MaCES |
| Lengua de catalogación | spa |
| Centro transcriptor | ES-MaCES |
| 100 1# - ENCABEZAMIENTO PRINCIPAL--NOMBRE PERSONAL | |
| Nombre de persona | Skidelsky, Robert |
| 9 (RLIN) | 24133 |
| 245 10 - MENCIÓN DE TÍTULO | |
| Título | What´s wrong with economics? |
| Resto del título | : a primer for the perplexed |
| Mención de responsabilidad, etc. | Robert Skidelsky |
| 260 ## - PUBLICACIÓN, DISTRIBUCIÓN, ETC (PIE DE IMPRENTA) | |
| Lugar de publicación, distribución, etc. | New Haven |
| -- | London |
| Nombre del editor, distribuidor, etc. | Yale University Press |
| Fecha de publicación, distribución, etc. | [2020] |
| 300 ## - DESCRIPCIÓN FÍSICA | |
| Extensión | XVII, 223 p. |
| Dimensiones | 23 cm |
| 500 ## - NOTA GENERAL | |
| Nota general | Índices |
| 504 ## - NOTA DE BIBLIOGRAFÍA, ETC. | |
| Nota de bibliografía, etc. | Bibliografía: p. 202-213 |
| 520 3# - RESUMEN, ETC. | |
| Sumario, etc, | Una crítica apasionada e informada de la economía dominante de uno de los principales pensadores económicos de nuestro tiempo. Este libro perspicaz analiza cómo la búsqueda de la certeza científica de la economía dominante ha llevado a una visión más estrecha y una convergencia en una ortodoxia que no es saludable, sin mencionar las sociedades que basan sus decisiones políticas en el consejo de modelos económicos defectuosos. El destacado pensador económico Robert Skidelsky explica las circunstancias que han provocado esta constricción y propone un enfoque de la economía que incluye filosofía, historia, sociología y política. La crítica clara y convincente de Skidelsky apunta a la forma en que se enseña la economía en las universidades de hoy, donde un enfoque en el modelado deja a los estudiantes mal equipados para lidiar con lo que es importante y verdadero sobre la vida humana. Aboga por un retorno al ideal establecido por John Maynard Keynes de que el economista debe ser un “matemático, historiador, estadista [y] filósofo” en igual medida. |
| 541 ## - NOTA DE LA FUENTE INMEDIANTE DE ADQUISICIÓN | |
| Forma de adquisición | Compra |
| 650 #4 - ASIENTO SECUNDARIO DE MATERIA--TÉRMINO DE MATERIA | |
| Término de materia o nombre geográfico como elemento inicial | economía |
| 9 (RLIN) | 26781 |
| 650 #4 - ASIENTO SECUNDARIO DE MATERIA--TÉRMINO DE MATERIA | |
| Término de materia o nombre geográfico como elemento inicial | economista |
| 9 (RLIN) | 28467 |
| 650 #4 - ASIENTO SECUNDARIO DE MATERIA--TÉRMINO DE MATERIA | |
| Término de materia o nombre geográfico como elemento inicial | modelo económico |
| 9 (RLIN) | 27074 |
| 650 #4 - ASIENTO SECUNDARIO DE MATERIA--TÉRMINO DE MATERIA | |
| Término de materia o nombre geográfico como elemento inicial | crecimiento económico |
| 9 (RLIN) | 27094 |
| 650 #4 - ASIENTO SECUNDARIO DE MATERIA--TÉRMINO DE MATERIA | |
| Término de materia o nombre geográfico como elemento inicial | técnica de predicción |
| 9 (RLIN) | 28900 |
| 650 #4 - ASIENTO SECUNDARIO DE MATERIA--TÉRMINO DE MATERIA | |
| Término de materia o nombre geográfico como elemento inicial | ciencias económicas |
| 9 (RLIN) | 27066 |
| 650 #4 - ASIENTO SECUNDARIO DE MATERIA--TÉRMINO DE MATERIA | |
| Término de materia o nombre geográfico como elemento inicial | futuro |
| 9 (RLIN) | 28901 |
| 653 10 - TÉRMINO DE INDEXACIÓN--NO CONTROLADO | |
| Término no controlado | Economía |
| 710 2# - ENCABEZAMIENTO SECUNDARIO--NOMBRE CORPORATIVO | |
| Nombre de entidad o nombre de jurisdicción como elemento inicial | Yale University |
| Término indicativo de función | ed. |
| 9 (RLIN) | 5485 |
| 902 ## - CES. TIPO DE DOCUMENTO | |
| Tipodoc (006$c Sirtex) | LIB Libro |
| 942 ## - ELEMENTOS KOHA | |
| Fuente de clasificaión o esquema | Clasificación propia del CES |
| Koha [por defecto] tipo de item | Monografías |
| Parte de clasificación | Economía |
| Número de registro | Signatura completa | Tipo de item de Koha |
|---|---|---|
| 092177 | SG-0.0.-758 | Monografías |
